Hierarchical Clustering of EU Countries Based on HDI and EPI Index

Zhodnotenie globálnej konkurencieschopnosti na základe modelu environmentálnej ekonomiky, so zohľadnením všetkých troch úrovní: ekonomickej, sociálnej a environmentálnej. Meranie sociálno-ekonomického rozmeru pomocou Indexu ľudského rozvoja (Human Development Index, HDI) podľa oblastí zdravia a vzde...

ver descrição completa

Na minha lista:
Detalhes bibliográficos
Autor principal: Repiská, Radka, 1996-
Outros Autores: Grisáková, Nora, 1978-, Štetka, Peter, 1986-
Formato: Capítulo de Livro
Idioma:inglês
Assuntos:
Tags: Adicionar Tag
Sem tags, seja o primeiro a adicionar uma tag!

MARC

LEADER 00000naa$a2200000$$$4500
001 0283895
005 20240502074411.2
041 0 |a eng 
044 |a SK 
245 1 0 |a Hierarchical Clustering of EU Countries Based on HDI and EPI Index  |c Radka Repiská, Nora Grisáková, Peter Štetka 
520 |a Zhodnotenie globálnej konkurencieschopnosti na základe modelu environmentálnej ekonomiky, so zohľadnením všetkých troch úrovní: ekonomickej, sociálnej a environmentálnej. Meranie sociálno-ekonomického rozmeru pomocou Indexu ľudského rozvoja (Human Development Index, HDI) podľa oblastí zdravia a vzdelávania a environmentálneho rozmeru pomocou Indexu environmentálnej výkonnosti (Environmental Performance Index, EPI) monitorujúceho správanie krajín v oblasti ochrany ľudského zdravia a ochrany ekosystémov. Zoskupovanie krajín metódou klastrov z hľadiska hodnotenia udržateľnej konkurencieschopnosti európskych krajín, s hľadaním vhodnej klasifikácie vývoja týchto krajín, ktorá by mohla pomôcť znížiť rozdiely medzi priemernými krajinami a priemerom EÚ 27 za účelom zbližovania krajín patriacich do rovnakej skupiny. 
610 2 0 |a index rozvoja ľudského 
610 2 0 |a udržateľnosť 
610 2 0 |a klaster 
610 2 0 |a metódy indexné 
610 2 0 |a analýza zhluková 
610 2 0 |a konkurencieschopnosť 
610 2 0 |a ukazovatele makroekonomické 
610 2 0 |a porovnanie medzinárodné 
610 2 0 |a Európska únia 
100 1 |a Repiská, Radka, 1996- 
700 1 |a Grisáková, Nora, 1978- 
700 1 |a Štetka, Peter, 1986-